01633nam a2200373 a 4500001001000000003000500010005001700015008004100032010001100073011001100084040000900095090001000104100005100114245020800165260004100373500006000414502009800474502009600572590004100668590004000709590004000749590004000789650004700829650002800876650004800904650003100952700004400983856007001027901000701097942001001104942000601114999001901120952012001139000115961CHAP20220329144555.0190822s2019 mx a sm |||||||spa d a112422 a113394 cCHAP aTesis1 aAquino Venegas, Mónica Concepción.913667610aEvaluación de híbridos comerciales y experimentales de maíz forrajero (Zea mays L.) en Tlahualilo, Durango /h[En línea]cpor Mónica Concepción Aquino Venegas y Gerardo Miguel Corral Morones. aChapingo, Méx. :bEl autor,c2019. aPara ver el contenido del material haga clic en la liga aTesis (Ing. en Sistemas Agrícolas) -- UACH. Unidad Regional Universitaria de Zonas Áridas aTesis (Ing. en Sistemas Pecuarios) -- UACH. Unidad Regional Universitaria de Zonas Áridas aBATCH-UPDb05c20190823lUCH01h1257 aE8697GMMb05c20190822lUCH01h1539 aE8697GMMb05c20190822lUCH01h1544 aE8697GMMb05c20190823lUCH01h125614aMaíz como forrajexIrrigación.913195014aMaízxCalidad.97089414aMaízxFisiología y morfología.97095814aMaízxHíbridos.9709741 aCorral Morones, Gerardo Miguel.9136677 aFinding aiduhttp://10.13.5.2/tesis/sist115961.pdfzTeclea aquí aBK cTESIS n0 c112422d112422 00102local40718TESISaBCbBCd2019-08-22fTESISg0.00l0oTesisp115972-10r2019-12-31 00:00:00w2019-08-22yCD